书目信息 |
| 题名: |
土地调查与定级估价
|
|
| 作者: | 李庚 主编 | |
| 分册: | ||
| 出版信息: | 郑州 河南科学技术出版社 |
|
| 页数: | ||
| 开本: | 26cm | |
| 丛书名: | ||
| 单 册: | ||
| 中图分类: | F301.2 | |
| 科图分类: | ||
| 主题词: | 农业经济学 | |
| 电子资源: | ||
| ISBN: | 7-5349-1247-4 | |
| 000 | 00540nam0 2200193 450 | |
| 001 | 0630364999 | |
| 005 | 20061214082658.75 | |
| 010 | @a7-5349-1247-4@dCNY17.00 | |
| 100 | @a20061214d km y0chiy0120 ea | |
| 101 | 0 | @achi |
| 102 | @aCN@b410000 | |
| 200 | 1 | @a土地调查与定级估价@Atu di diao cha yu ding ji gu jia@f李庚主编@Fli geng zhu bian |
| 210 | @a郑州@c河南科学技术出版社 | |
| 215 | @d26cm | |
| 606 | 0 | @a农业经济学 |
| 690 | @aF301.2@v3 | |
| 701 | 0 | @a李庚@Ali geng@4主编 |
| 801 | 0 | @aCN@bNISOFT@c20061214 |
| 905 | @a10447@dF301.2@eL162 | |
| 土地调查与定级估价/李庚主编.-郑州:河南科学技术出版社 |
| 26cm |
| ISBN 7-5349-1247-4:CNY17.00 |
| ● |
| 相关链接 |
|
|
|
正题名:土地调查与定级估价
索取号:F301.2/L162
 
预约/预借
| 序号 | 登录号 | 条形码 | 馆藏地/架位号 | 状态 | 备注 |
| 1 | 444438 | 204444388 | 管理学院资料室/ [索取号:F301.2/L162] | 在馆 |